Silné euro ako rizikový faktor
Správa Organizácie pre hospodársku spoluprácu a rozvoj (OECD). Ekonomika v oblasti eurozóny. Rast cien nehnuteľností - rizikový faktor pri ozdravovaní ekonomiky eurozóny. Tržby vo vybraných odvetviach hospodárstva SR. Rýchlejšie tempo rastu pre najsilnejšie ekonomiky sveta. Nové krajiny v eurozóne.
Enregistré dans:
| Auteur principal: | |
|---|---|
| Format: | Chapitre de livre |
| Langue: | slovaque |
| Sujets: | |
| Tags: |
Pas de tags, Soyez le premier à ajouter un tag!
|
MARC
| LEADER | 00000naa$a2200000$$$4500 | ||
|---|---|---|---|
| 001 | 0008931 | ||
| 005 | 20230926071550.9 | ||
| 041 | 0 | |a slo | |
| 044 | |a SK | ||
| 245 | 1 | 0 | |a Silné euro ako rizikový faktor |c aut. Daniel Kráľ |
| 520 | |a Správa Organizácie pre hospodársku spoluprácu a rozvoj (OECD). Ekonomika v oblasti eurozóny. Rast cien nehnuteľností - rizikový faktor pri ozdravovaní ekonomiky eurozóny. Tržby vo vybraných odvetviach hospodárstva SR. Rýchlejšie tempo rastu pre najsilnejšie ekonomiky sveta. Nové krajiny v eurozóne. | ||
| 610 | 2 | 0 | |a eurozóna |
| 610 | 2 | 0 | |a euro |
| 610 | 2 | 0 | |a situácia hospodárska |
| 610 | 2 | 0 | |a inflácia |
| 610 | 2 | 0 | |a Slovensko |
| 610 | 2 | 0 | |a SVE |
| 610 | 2 | 0 | |a OECD |
| 100 | 1 | |a Kráľ, Daniel | |